| 000 -LEADER |
| fixed length control field |
00348nam a22000977a 4500 |
| 008 - FIXED-LENGTH DATA ELEMENTS--GENERAL INFORMATION |
| fixed length control field |
160502b xxu||||| |||| 00| 0 eng d |
| 100 ## - MAIN ENTRY--AUTHOR'S NAME |
| Author's Name |
Wright, Donald, Jr. |
| 245 ## - TITLE STATEMENT |
| Title |
Insects on stamps of the world |
| 260 ## - PUBLICATION, DISTRIBUTION, ETC. (IMPRINT) |
| Place of publication, distribution, etc. |
Johnstown, PA |
| Name of publisher, distributor, etc. |
American Topical Association, |
| Date of publication, distribution, etc. |
1993 |
| 650 ## - TOPICAL TERM (Tag) |
| Topical term or geographic name |
Topical Collecting | Insects | Invertebrates | Animals Butterflies | Moths |